000 00767nam a2200229 a 4500
999 _c11086
_d11086
001 11086
003 BD-JhCC
005 20200406134008.0
008 190628b20052015ii |||| ||a| 000 0 ben d
020 _a9788129514943
035 _a(BD-JhCC)11086
040 _aBD-JhCC
_dBD-JhCC
041 _aben
082 _a153.8
_bCHA 2015
100 _aচট্টোপাধ্যায়, ড. পার্থ
245 _aনিজেকে বদলান নিজেই /
_cড. পার্থ চট্টোপাধ্যায় ।
260 _aকলকাতা:
_bদে'জ পাবলিশিং;
_c২০১৫.
300 _a১৪৪ পৃঃ . :
_c২২ সেমি.
650 _aSelf Motivation
942 _2ddc
_cBK
_02